[Event "21st ch-EUR Indiv w 2021"]
[Site "Iasi ROU"]
[Date "2021.08.17"]
[Round "8.36"]
[White "Belenkaya, Dina"]
[Black "Cosman, Andreea-Marioara"]
[Result "1/2-1/2"]
[WhiteTitle "WGM"]
[BlackTitle "WFM"]
[WhiteElo "2350"]
[BlackElo "2143"]
[WhiteFideId "24142654"]
[BlackFideId "1217968"]
[EventDate "2021.08.09"]

1. e4 c5 2. Nf3 d6 3. Bc4 Nf6 4. Qe2 Nc6 5. c3 Bg4 6. h3 Bh5 7. d3 e6 8. Nbd2
Be7 9. Bb3 O-O 10. Nf1 d5 11. e5 Bxf3 12. gxf3 Nd7 13. f4 f6 14. Qg4 fxe5 15.
Rg1 Bf6 16. Qxe6+ Kh8 17. Qxd5 exf4 18. Bxf4 Bxc3+ 19. bxc3 Qf6 20. Qxd7 Qxc3+
21. Bd2 Qxa1+ 22. Bd1 Rae8+ 23. Ne3 Qf6 24. Rg2 Ne5 25. Qb5 c4 26. Be2 a6 27.
Qb4 cxd3 28. Bd1 b5 29. Bc3 Rf7 30. Kf1 Qc6 31. Qb2 Ng6 32. Kg1 a5 33. a3 b4 34.
axb4 axb4 35. Qxb4 Qb7 36. Qa4 Rb8 37. Qg4 Qb1 38. Kh2 Rbf8 39. Qd4 Qb8+ 40. Kh1
Qb7 41. f3 Qc8 42. Rg4 Rd7 43. Qb4 Rb7 44. Qa5 Rb1 45. Kg2 Qc6 46. Rc4 Qe6 47.
Qc7 Rg8 48. Ba4 Nh4+ 49. Kf2 Nf5 50. Nxf5 Qxf5 51. Rg4 Qf8 52. Rf4 Qa3 53. Kg3
Rg1+ 54. Kh4 Rg6 55. Re4 Qa2 56. Rg4 Rxg4+ 57. hxg4 Qxa4 58. Bxg7+ Rxg7 59. Qd8+
Rg8 60. Qf6+ Rg7 61. Qf8+ Rg8 62. Qf6+ Rg7 1/2-1/2

[Event "21st ch-EUR Indiv w 2021"]
[Site "Iasi ROU"]
[Date "2021.08.17"]
[Round "8.37"]
[White "Nastase, Andreea-Cristina"]
[Black "Charochkina, Daria"]
[Result "1/2-1/2"]
[WhiteTitle "WFM"]
[BlackTitle "IM"]
[WhiteElo "2074"]
[BlackElo "2340"]
[WhiteFideId "1221183"]
[BlackFideId "4180917"]
[EventDate "2021.08.09"]

1. d4 Nf6 2. c4 e6 3. Nf3 Bb4+ 4. Bd2 Be7 5. Nc3 d5 6. Bg5 c6 7. e3 O-O 8. Qc2
Nbd7 9. Bd3 dxc4 10. Bxc4 h6 11. Bh4 b5 12. Bd3 Bb7 13. O-O Rc8 14. e4 c5 15.
Bxb5 cxd4 16. Nxd4 Nxe4 17. Bxe7 Qxe7 18. Bc6 Bxc6 19. Nxc6 Rxc6 20. Qxe4 Rfc8
21. h3 Nb6 22. Rfd1 Nc4 23. Na4 Nd6 24. Qe5 Nf5 25. a3 Rc2 26. b4 Qh4 27. Qe1
Nd4 28. Qe3 Ne2+ 29. Kf1 R8c4 30. Rd2 Re4 31. Qd3 Rxd2 32. Qxd2 Nd4 33. Rd1 e5
34. Nc3 Rf4 35. Nd5 Rf3 36. Qa2 Rf5 37. Ne3 Rf6 38. Ng4 Re6 39. Qd5 Nc6 40. b5
Ne7 41. Qa8+ Kh7 42. Qxa7 h5 43. Ne3 Rf6 44. Rd2 Nc8 45. Qd7 Nd6 46. Kg1 Ne4 47.
g3 Qg5 48. Qd3 Qg6 49. Nd5 Rd6 50. Rd1 f5 51. b6 Qf7 52. Qb5 Rd7 53. Nc3 Rxd1+
54. Nxd1 h4 55. Qxe5 hxg3 56. fxg3 Ng5 57. Qe2 f4 58. b7 fxg3 59. b8=Q Nxh3+ 60.
Kg2 Nf4+ 61. Qxf4 Qxf4 62. Qd3+ Kh8 63. Qxg3 Qe4+ 64. Qf3 Qc2+ 65. Kg3 Qg6+ 66.
Kf2 Qc2+ 67. Ke1 Qa2 68. Qc3 Kh7 69. Qb2 Qe6+ 70. Kd2 g5 71. a4 Qd7+ 72. Kc1
Qxa4 73. Qc2+ Qxc2+ 74. Kxc2 1/2-1/2

[Event "21st ch-EUR Indiv w 2021"]
[Site "Iasi ROU"]
[Date "2021.08.17"]
[Round "8.38"]
[White "Mamedjarova, Turkan"]
[Black "Koubova, Anna Marie"]
[Result "1/2-1/2"]
[WhiteTitle "WGM"]
[WhiteElo "2309"]
[BlackElo "2073"]
[WhiteFideId "13402005"]
[BlackFideId "381470"]
[EventDate "2021.08.09"]

1. d4 d5 2. c4 e6 3. Nc3 c6 4. e3 Nf6 5. Nf3 Bd6 6. Qc2 Nbd7 7. Bd3 dxc4 8. Bxc4
e5 9. O-O O-O 10. Rd1 Qc7 11. h3 h6 12. a3 a5 13. e4 exd4 14. Nxd4 Ne5 15. Be2
Ng6 16. Be3 Bh2+ 17. Kh1 Bf4 18. Nf5 Bxe3 19. fxe3 Qe5 20. Rf1 Re8 21. Qb3 b5
22. Nd4 Be6 23. Qc2 b4 24. axb4 axb4 25. Rxa8 Rxa8 26. Nd1 Nxe4 27. Nxe6 Ng3+
28. Kg1 Nxe2+ 29. Qxe2 Qxe6 30. Nf2 c5 31. Rc1 Rc8 32. Nd3 Qf5 33. b3 Qd5 34.
Qg4 Ne7 35. Qc4 Qg5 36. Qf4 Qxf4 37. exf4 Nd5 38. Rc4 Kf8 39. Nxc5 Ke7 40. Re4+
Kd6 41. Nd3 Rc3 1/2-1/2

[Event "21st ch-EUR Indiv w 2021"]
[Site "Iasi ROU"]
[Date "2021.08.17"]
[Round "8.39"]
[White "Schloffer, Jasmin-Denise"]
[Black "Calzetta Ruiz, Monica"]
[Result "0-1"]
[WhiteTitle "WFM"]
[BlackTitle "WGM"]
[WhiteElo "2070"]
[BlackElo "2306"]
[WhiteFideId "1631209"]
[BlackFideId "2204185"]
[EventDate "2021.08.09"]

1. d4 Nf6 2. c4 g6 3. Nc3 Bg7 4. e4 d6 5. f3 O-O 6. Be3 a6 7. Nge2 Nfd7 8. Qd2
c5 9. Rd1 Nc6 10. d5 Nce5 11. Nf4 Qa5 12. Rc1 b5 13. cxb5 Nb6 14. b3 axb5 15.
Bxb5 Ba6 16. a4 Bxb5 17. axb5 Qb4 18. Na4 Qxb5 19. Nxb6 Qxb6 20. O-O Qxb3 21.
Rb1 Qa3 22. Bf2 Rfb8 23. Qc2 Bf6 24. h4 h5 25. Nh3 Rxb1 26. Rxb1 Qd3 27. Qc1 Kg7
28. Ng5 Ra2 29. Rb7 Qa6 0-1

[Event "21st ch-EUR Indiv w 2021"]
[Site "Iasi ROU"]
[Date "2021.08.17"]
[Round "8.40"]
[White "Obada, Ema"]
[Black "Muetsch, Annmarie"]
[Result "0-1"]
[WhiteTitle "WCM"]
[BlackTitle "WIM"]
[WhiteElo "1981"]
[BlackElo "2259"]
[WhiteFideId "1234803"]
[BlackFideId "12971367"]
[EventDate "2021.08.09"]

1. e4 c5 2. Nf3 Nc6 3. Bb5 e5 4. O-O Bd6 5. Re1 a6 6. Bf1 Nge7 7. c3 O-O 8. d4
cxd4 9. cxd4 Nxd4 10. Nxd4 exd4 11. Qxd4 Qc7 12. h3 Bc5 13. Qc3 Qb6 14. Be3 Bxe3
15. Rxe3 d5 16. Rg3 d4 17. Qd2 f5 18. Qg5 Ng6 19. Rb3 Qc6 20. exf5 Bxf5 21. Nd2
Be6 22. Rf3 b5 23. Bd3 Bd5 24. Rg3 Rae8 25. Nb3 Re5 26. Qd2 Nf4 27. Bf1 d3 28.
Rc1 Qh6 29. Rc7 Rg5 30. Qe3 Rxg3 31. Qxg3 Bxg2 32. Bxd3 Nxd3 33. Qxd3 Bf3 34.
Qd4 Qg6+ 35. Kf1 Re8 0-1

[Event "21st ch-EUR Indiv w 2021"]
[Site "Iasi ROU"]
[Date "2021.08.17"]
[Round "8.41"]
[White "Dornbusch, Tatiana"]
[Black "Petrova, Irina"]
[Result "1/2-1/2"]
[WhiteTitle "WGM"]
[BlackTitle "WIM"]
[WhiteElo "2249"]
[BlackElo "2110"]
[WhiteFideId "14107449"]
[BlackFideId "14124122"]
[EventDate "2021.08.09"]

1. d4 d6 2. Nf3 g6 3. c4 Bg7 4. g3 Nf6 5. Bg2 O-O 6. O-O Nc6 7. Nc3 Bf5 8. d5
Na5 9. Nd4 Bd7 10. b3 c5 11. dxc6 bxc6 12. Bb2 Rb8 13. Rb1 c5 14. Nc2 Ne8 15.
Ne3 Nc7 16. Qd2 Nc6 17. Rfd1 Nd4 18. Ned5 Nxd5 19. Nxd5 Bf5 20. Rbc1 Be6 21. Nf4
Bg4 22. h3 Bd7 23. e3 Nc6 24. Bxg7 Kxg7 25. Qc3+ Kg8 26. g4 Nb4 27. Rd2 a5 28.
Kh2 a4 29. Rg1 axb3 30. axb3 Rb6 31. Be4 e5 32. Ng2 f5 33. gxf5 Bxf5 34. Bxf5
Rxf5 35. f4 e4 36. Rgd1 Rh5 37. Qa1 Nd3 38. Qa2 Qc8 39. h4 Ra6 40. Qc2 Qa8 41.
Kg3 Ra3 42. Ne1 Qd8 43. Rh2 Nxe1 44. Rxe1 Qe7 45. Qb2 Ra6 46. Ra1 Rxa1 47. Qxa1
Kf7 48. Qa8 Kg7 49. Qc8 Kf7 50. Qg4 Qe6 51. Qd1 Qe7 52. Qh1 d5 53. cxd5 Rxd5 54.
h5 g5 55. Rf2 Rf5 56. Qh3 gxf4+ 57. Rxf4 Rxf4 58. Kxf4 Kg7 59. Qf5 Kh6 60. Qxe4
Qg5+ 61. Kf3 Qxh5+ 62. Kf2 Qf7+ 63. Ke2 Qxb3 64. Qc6+ Kg7 1/2-1/2

[Event "21st ch-EUR Indiv w 2021"]
[Site "Iasi ROU"]
[Date "2021.08.17"]
[Round "8.42"]
[White "Navrotescu, Andreea"]
[Black "Babayeva, Nasrin"]
[Result "1-0"]
[WhiteTitle "WIM"]
[WhiteElo "2249"]
[BlackElo "1889"]
[WhiteFideId "675946"]
[BlackFideId "13416626"]
[EventDate "2021.08.09"]

1. d4 d6 2. c4 e5 3. d5 f5 4. e4 fxe4 5. Nc3 Nf6 6. Nge2 Bf5 7. Ng3 Bg6 8. Bg5
Nbd7 9. Ncxe4 Be7 10. Bxf6 Bxf6 11. Bd3 O-O 12. O-O a5 13. Qc2 Bh4 14. Ne2 Rf7
15. N2c3 Qf8 16. Rae1 Re8 17. a3 Bd8 18. b4 axb4 19. axb4 c6 20. dxc6 bxc6 21.
b5 cxb5 22. Nxb5 Bxe4 23. Bxe4 Nf6 24. Bc6 Re6 25. Qf5 Ree7 26. Nxd6 g6 27. Qf3
Rg7 28. Bd5+ Kh8 29. Ra1 Ra7 30. Nb5 Rxa1 31. Rxa1 e4 32. Bxe4 Rf7 33. Ra8 Ne8
34. Qe3 Rd7 35. Bd5 Re7 36. Qd4+ Ng7 37. g3 1-0

[Event "21st ch-EUR Indiv w 2021"]
[Site "Iasi ROU"]
[Date "2021.08.17"]
[Round "8.43"]
[White "Ghukasyan, Siranush"]
[Black "Mikheeva, Galina"]
[Result "1/2-1/2"]
[WhiteTitle "WIM"]
[BlackTitle "WFM"]
[WhiteElo "2194"]
[BlackElo "1968"]
[WhiteFideId "13300946"]
[BlackFideId "44108320"]
[EventDate "2021.08.09"]

1. e4 e5 2. Nf3 Nc6 3. Bb5 Nd4 4. Nxd4 exd4 5. O-O Bc5 6. d3 c6 7. Bc4 d5 8.
exd5 cxd5 9. Bb3 Ne7 10. Nd2 O-O 11. h3 Bf5 12. Nf3 Qd6 13. Bg5 Ng6 14. Nh4 Nxh4
15. Bxh4 Be6 16. Bg3 Qc6 17. f4 f6 18. f5 Bf7 19. Qg4 a5 20. a4 Rfe8 21. Bf2 Qb6
22. Rfe1 Rad8 23. Kf1 Kf8 24. Qf4 h6 25. Rxe8+ Rxe8 26. Re1 Rd8 27. g4 Qd6 28.
Qxd6+ Rxd6 29. Re2 Rc6 30. Kg2 Rc7 31. h4 b6 32. Kf3 Re7 33. Rxe7 Kxe7 34. Be1
Kd6 35. Bd2 Kc6 1/2-1/2

[Event "21st ch-EUR Indiv w 2021"]
[Site "Iasi ROU"]
[Date "2021.08.17"]
[Round "8.44"]
[White "Pancu, Aureliana-Eugenia"]
[Black "Katkov, Michelle"]
[Result "0-1"]
[BlackTitle "WFM"]
[WhiteElo "1862"]
[BlackElo "2173"]
[WhiteFideId "1226355"]
[BlackFideId "2816393"]
[EventDate "2021.08.09"]

1. Nf3 Nf6 2. c4 e6 3. g3 d5 4. Bg2 dxc4 5. Qa4+ Nbd7 6. Qxc4 a6 7. O-O b5 8.
Qc2 Bb7 9. d3 c5 10. a4 Be7 11. axb5 axb5 12. Rxa8 Qxa8 13. Na3 Bc6 14. Bg5 h6
15. Bd2 O-O 16. Ne1 Nd5 17. e4 N5b6 18. Be3 c4 19. dxc4 Bxa3 20. bxa3 Qxa3 21.
c5 Nc4 22. Qd3 Ra8 23. Qxa3 Rxa3 24. Nc2 Nxe3 25. fxe3 Rc3 26. Nd4 Rxc5 27. Nxc6
Rxc6 28. Rb1 Rb6 29. Rb4 Nf6 30. Bf1 Ng4 31. Rxb5 Rxb5 32. Bxb5 Nxe3 33. Be2 Nc2
34. Kf2 Kf8 35. Bd3 Nb4 36. Bc4 Ke7 37. Bb5 Kd6 38. Ke3 Nc6 39. h3 Ne5 40. Be2
Nd7 41. Bb5 Nf6 42. Be2 Ke5 43. Bf3 Nd7 44. Bd1 Nc5 45. Bf3 Nb3 46. Bh5 g6 47.
Bd1 Nd4 48. Ba4 f5 49. Be8 fxe4 50. Bxg6 Nf5+ 51. Kf2 e3+ 52. Ke2 Nxg3+ 53. Kxe3
Nf5+ 54. Kf2 Kf4 55. Be8 e5 56. Bd7 e4 57. Bxf5 Kxf5 58. Ke3 h5 59. h4 Ke5 60.
Ke2 Kf4 61. Kf2 Kg4 0-1

[Event "21st ch-EUR Indiv w 2021"]
[Site "Iasi ROU"]
[Date "2021.08.17"]
[Round "8.45"]
[White "Tarasenka, Aliaksandra"]
[Black "Hapala, Elisabeth"]
[Result "1-0"]
[WhiteTitle "WFM"]
[BlackTitle "WFM"]
[WhiteElo "2061"]
[BlackElo "2160"]
[WhiteFideId "13514288"]
[BlackFideId "1622080"]
[EventDate "2021.08.09"]

1. d4 Nf6 2. c4 e6 3. Nc3 Bb4 4. Nf3 c5 5. g3 Nc6 6. Bg2 Ne4 7. Bd2 Nxd2 8. Qxd2
cxd4 9. Nxd4 O-O 10. Nc2 Be7 11. Rd1 a6 12. O-O Qc7 13. Ne4 Ne5 14. b3 d6 15. f4
Ng6 16. Ne3 f5 17. Nf2 Rb8 18. Nc2 Kh8 19. e4 fxe4 20. Bxe4 e5 21. Ne3 exf4 22.
Nd5 Qd8 23. Bxg6 fxg3 24. Ne4 hxg6 25. Nf4 Qb6+ 26. Kh1 Bf5 27. Nxg3 Qc6+ 28.
Nd5 Bh3 29. Rxf8+ Rxf8 30. Qe3 Bd8 31. Rd4 b5 32. Rf4 Re8 33. Qf2 Kg8 34. Ne4
bxc4 35. bxc4 Qa4 36. Nec3 Qa3 37. Qg1 Qb2 38. Rf2 Qa3 39. Rf3 Bf5 40. Qf1 Qc5
41. a4 Bh4 42. Qg1 Qxc4 43. Rf4 Qxf4 44. Nxf4 Re1 45. Nfd5 Bh3 46. Qxe1 Bxe1 47.
Ne4 Bd7 48. Nef6+ gxf6 49. Nxf6+ Kf7 50. Nxd7 Ba5 51. Nb8 Ke6 52. Kg2 d5 53.
Nxa6 Kd6 54. Kf3 Kc6 55. Ke3 Bc3 56. Kd3 Be5 57. Nb4+ Kc5 58. Na6+ Kd6 59. h3
Bg3 60. Nb4 Be1 61. Nc2 Ba5 62. Nd4 Bd8 63. Nb3 Ke5 64. a5 Kf4 65. Kd4 Kg3 66.
Kxd5 Kxh3 67. a6 Bb6 68. Kc6 Ba7 69. Kb7 Be3 70. Nd2 g5 71. Nc4 Bf2 72. Nb6 g4
73. a7 g3 74. a8=Q g2 75. Qh8+ Kg3 76. Qg7+ Kf3 77. Qf6+ Ke2 78. Qe5+ Kf1 79.
Qb5+ Ke1 80. Qb1+ Ke2 81. Qe4+ Kf1 82. Nc4 Kg1 83. Ne3 Bxe3 84. Qxe3+ Kf1 85.
Qf3+ Kg1 86. Kc6 Kh1 87. Qf2 1-0

[Event "21st ch-EUR Indiv w 2021"]
[Site "Iasi ROU"]
[Date "2021.08.17"]
[Round "8.46"]
[White "Lehaci, Miruna-Daria"]
[Black "Kostina, Veronika"]
[Result "1-0"]
[WhiteTitle "WFM"]
[WhiteElo "2267"]
[BlackElo "1801"]
[WhiteFideId "1234765"]
[BlackFideId "34166235"]
[EventDate "2021.08.09"]

1. e4 c5 2. Nf3 e6 3. d4 cxd4 4. Nxd4 Nf6 5. Nc3 Nc6 6. Ndb5 d6 7. Bf4 e5 8. Bg5
a6 9. Na3 Be6 10. Nc4 Rc8 11. Ne3 Be7 12. Bxf6 Bxf6 13. Be2 O-O 14. O-O Bg5 15.
Ncd5 Nd4 16. Bd3 f5 17. exf5 Nxf5 18. Bxf5 Bxf5 19. Nxf5 Rxf5 20. c3 Qf8 21. Qg4
Rc5 22. Rad1 Bd8 23. b4 Rc6 24. a4 Qf7 25. Rd3 b5 26. axb5 axb5 27. Qe2 Kf8 28.
Rd2 Qb7 29. Kh1 g6 30. f4 exf4 31. Rxf4 Qf7 32. Rxf5 Qxf5 33. Rd1 Kg7 34. Qxb5
Rc8 35. Rf1 Qe6 36. Qd3 Qe5 37. Qf3 Bg5 38. Nb6 Re8 39. Nc4 Qe2 40. Nxd6 Re7 41.
Qf8# 1-0

[Event "21st ch-EUR Indiv w 2021"]
[Site "Iasi ROU"]
[Date "2021.08.17"]
[Round "8.47"]
[White "Bashylina, Luisa"]
[Black "Abdulla, Khayala"]
[Result "0-1"]
[WhiteTitle "WCM"]
[BlackTitle "WGM"]
[WhiteElo "1992"]
[BlackElo "2264"]
[WhiteFideId "12983292"]
[BlackFideId "13401807"]
[EventDate "2021.08.09"]

1. d4 Nf6 2. c4 e6 3. Nc3 Bb4 4. Qc2 O-O 5. a3 Bxc3+ 6. Qxc3 d6 7. Nf3 Nbd7 8.
g3 b6 9. Bg2 Bb7 10. O-O Qe7 11. Bg5 h6 12. Bxf6 Qxf6 13. Rfd1 Rad8 14. Qc2 c5
15. e4 Qg6 16. Nh4 Qh7 17. d5 g5 18. dxe6 fxe6 19. Rxd6 Nf6 20. Rxd8 Rxd8 21.
Nf3 Bxe4 22. Qc3 Qf5 23. Qe5 Bxf3 24. Qxf5 exf5 25. Bxf3 Rd4 26. Rc1 Rd2 27. Rb1
Kg7 28. Kg2 Kg6 29. Kf1 Rc2 30. b3 Ne4 31. Bxe4 fxe4 32. Re1 Kf5 33. h3 h5 34.
Re3 g4 35. hxg4+ hxg4 36. Ke1 Ke5 37. Kf1 Kd4 38. Ke1 Rc3 39. Kd2 Rd3+ 0-1

[Event "21st ch-EUR Indiv w 2021"]
[Site "Iasi ROU"]
[Date "2021.08.17"]
[Round "8.48"]
[White "Batagan, Ilinca-Petra"]
[Black "Novosadova, Kristyna"]
[Result "1/2-1/2"]
[BlackTitle "WIM"]
[WhiteElo "1846"]
[BlackElo "2138"]
[WhiteFideId "1261002"]
[BlackFideId "328065"]
[EventDate "2021.08.09"]

1. d4 Nf6 2. Nf3 g6 3. c4 Bg7 4. Nc3 d5 5. cxd5 Nxd5 6. Qb3 Nxc3 7. bxc3 c5 8.
e3 O-O 9. Be2 b6 10. O-O Nd7 11. Rd1 Qc7 12. Bb2 Bb7 13. Rac1 e6 14. c4 cxd4 15.
exd4 Rac8 16. Ne1 Rfd8 17. Bf3 Ba6 18. Be2 e5 19. d5 Nc5 20. Qa3 Bf8 21. Qe3 Bd6
22. Nd3 f6 23. Nxc5 Bxc5 24. Qg3 Qd6 25. Bg4 Rc7 26. Be6+ Kg7 27. Kh1 Bxc4 28.
f4 Bd4 29. Ba3 Bc5 30. Bb2 Bd4 31. Ba3 1/2-1/2

[Event "21st ch-EUR Indiv w 2021"]
[Site "Iasi ROU"]
[Date "2021.08.17"]
[Round "8.49"]
[White "Tsirulnik, Maritsa"]
[Black "Verbin, Valentina"]
[Result "1/2-1/2"]
[WhiteElo "2046"]
[BlackElo "2012"]
[WhiteFideId "14118688"]
[BlackFideId "13905910"]
[EventDate "2021.08.09"]

1. d4 Nf6 2. c4 e6 3. g3 d5 4. Bg2 Bb4+ 5. Bd2 Be7 6. Nf3 O-O 7. O-O Nbd7 8. Qb3
a5 9. Nc3 c6 10. Rfd1 a4 11. Nxa4 dxc4 12. Qc2 b5 13. Nc3 Nd5 14. a3 Qc7 15. Ng5
g6 16. h4 Bb7 17. e4 Nxc3 18. Qxc3 c5 19. Bf4 Qb6 20. Be3 Rad8 21. a4 cxd4 22.
Bxd4 Bc5 23. axb5 Qxb5 24. Rac1 Bxd4 25. Rxd4 Ne5 26. Rc2 Ba6 27. Rcd2 Rxd4 28.
Qxd4 Nd3 29. Bh3 h6 30. Nf3 e5 31. Qd6 Bb7 32. Bd7 Qa6 33. Qe7 Bxe4 34. Nh2 Qa1+
35. Nf1 Ne1 36. Bg4 Bf3 37. Be6 Kg7 38. Bxc4 Qa5 39. Rd6 Ba8 40. Be2 e4 41. Qf6+
Kg8 42. h5 Qg5 43. Qxg5 hxg5 44. hxg6 Rb8 45. b4 fxg6 46. b5 Kg7 47. b6 Kf7 48.
Ne3 Nd3 49. Nc4 Ke7 50. Rxg6 Bd5 51. Ne3 Be6 52. Rxg5 Rxb6 53. Nd5+ Bxd5 54.
Rxd5 Rb1+ 55. Kg2 Ne1+ 56. Kh3 Ke6 57. Bc4 Kf6 58. Kg4 Rb4 59. Rf5+ Kg7 60. Rf7+
Kg6 61. Rc7 Rb2 62. Bd5 Rxf2 63. Bxe4+ Kf6 64. Rc8 Ke5 65. Re8+ Kd6 66. Kg5 Re2
67. Rd8+ Ke7 68. Rd4 Ke6 69. Ra4 Ke5 70. Ba8 Nc2 71. g4 Kd6 72. Ra6+ Ke5 73.
Ra5+ Kd6 74. Ra2 Nd4 75. Rxe2 Nxe2 76. Kf6 Nf4 77. Be4 Nh3 78. Bf3 Nf4 79. g5
Kd7 80. Kf5 Ne6 81. g6 Ke7 82. Bd5 Ng7+ 83. Kg5 Ne8 84. Bb3 Ng7 85. Bf7 Kf8 86.
Kh6 Nf5+ 87. Kh7 Ne7 88. Be6 Nxg6 89. Kxg6 1/2-1/2

[Event "21st ch-EUR Indiv w 2021"]
[Site "Iasi ROU"]
[Date "2021.08.17"]
[Round "8.50"]
[White "Maria, Lia-Alexandra"]
[Black "Levitan, Ronit"]
[Result "0-1"]
[WhiteTitle "WCM"]
[BlackTitle "WCM"]
[WhiteElo "1837"]
[BlackElo "2012"]
[WhiteFideId "1248952"]
[BlackFideId "2815109"]
[EventDate "2021.08.09"]

1. e4 e5 2. Nf3 Nc6 3. Bb5 a6 4. Ba4 Nf6 5. d3 d6 6. c4 g6 7. h3 Bg7 8. Nc3 O-O
9. O-O Nd7 10. Bg5 f6 11. Be3 f5 12. Bg5 Qe8 13. Nd5 Qf7 14. Nxc7 Ra7 15. exf5
Nc5 16. Nd5 Bxf5 17. Bc2 Ne6 18. Be3 Raa8 19. Bb3 Kh8 20. Nd2 Bxd3 21. Re1 Ncd4
22. Rc1 Nf5 23. Bb6 Nfd4 24. f3 Bh6 25. c5 Nxb3 26. Nxb3 Bxc1 27. Nxc1 Nxc5 28.
Nc7 Rac8 29. Nxd3 Nxd3 30. Qxd3 Rxc7 31. Bxc7 Qxc7 32. Rd1 Rd8 33. Qb3 Kg7 34.
Kh2 b5 35. Qd5 Kf6 36. f4 Qe7 37. Rf1 Kg7 38. Re1 Re8 39. Re4 Qe6 40. Qb7+ Re7
41. Qxa6 Qd5 42. Rb4 e4 43. Rxb5 Qd2 44. Rb7 Qxf4+ 45. Kg1 Rxb7 46. Qxb7+ Kh6
47. Qb5 e3 48. Qf1 Qd4 49. Qf8+ Kg5 50. Qe7+ Kf5 51. Qd7+ Ke5 52. Qe7+ Kd5 53.
Qb7+ Ke6 54. Qc8+ Ke5 55. Qe8+ Kf4 56. Qf7+ Ke4 57. Qe6+ Kd3 58. Qb3+ Kd2 0-1

[Event "21st ch-EUR Indiv w 2021"]
[Site "Iasi ROU"]
[Date "2021.08.17"]
[Round "8.51"]
[White "Froewis, Annika"]
[Black "Trifoi, Mihaela-Ioana"]
[Result "1/2-1/2"]
[WhiteTitle "WFM"]
[WhiteElo "2107"]
[BlackElo "1807"]
[WhiteFideId "1621432"]
[BlackFideId "1246364"]
[EventDate "2021.08.09"]

1. e4 c6 2. Nc3 d5 3. Nf3 Bg4 4. h3 Bxf3 5. Qxf3 e6 6. Be2 Nd7 7. O-O Ngf6 8. d4
dxe4 9. Nxe4 Be7 10. Rd1 O-O 11. a4 a5 12. c3 Qb6 13. Bd3 c5 14. dxc5 Nxc5 15.
Nxc5 Bxc5 16. Bg5 Be7 17. Rd2 Rfd8 18. Rad1 h6 19. Be3 Qc7 20. Be4 Nxe4 21. Qxe4
Bf6 22. g3 Rxd2 23. Rxd2 Rd8 24. Rxd8+ Bxd8 25. Qd4 Bf6 26. Qb6 Bd8 27. Qb5 Qc6
28. Qxc6 bxc6 29. Bc5 f6 30. b4 Kf7 31. b5 cxb5 32. axb5 Be7 33. Be3 a4 34. b6
a3 35. Bc1 a2 36. Bb2 Bd6 37. Kf1 Ke7 38. Ke2 Kd7 39. Kd3 Kc6 40. Kc4 Kxb6 41.
Kb3 Kc5 42. Ba3+ Kd5 43. Kxa2 Be5 44. Kb3 g5 45. Bf8 h5 46. c4+ Kc6 47. Kc2 1/2-1/2

[Event "21st ch-EUR Indiv w 2021"]
[Site "Iasi ROU"]
[Date "2021.08.17"]
[Round "8.52"]
[White "Petrenko, Svetlana"]
[Black "Sankova, Stella"]
[Result "1/2-1/2"]
[WhiteTitle "IM"]
[BlackTitle "WFM"]
[WhiteElo "2018"]
[BlackElo "2100"]
[WhiteFideId "13900196"]
[BlackFideId "14944200"]
[EventDate "2021.08.09"]

1. d4 d5 2. Nf3 Nf6 3. g3 Bf5 4. Nh4 Be4 5. f3 Bg6 6. Bg2 c5 7. Nxg6 hxg6 8. e3
Nc6 9. c3 e5 10. dxe5 Nxe5 11. f4 Nc6 12. c4 d4 13. e4 Be7 14. e5 Nd7 15. O-O
Qc7 16. Nd2 O-O-O 17. Bd5 Rdf8 18. Qf3 g5 19. Bxc6 bxc6 20. Ne4 gxf4 21. Bxf4
Nxe5 22. Qa3 f6 23. Nxc5 Qb6 24. b4 Ng4 25. h4 g5 26. Qd3 f5 27. Bxg5 Bxg5 28.
hxg5 Qxb4 29. Nb3 Ne3 30. Qxd4 Nxf1 31. Rxf1 Qb6 32. c5 Qc7 33. Rf4 Qe7 34. Qf2
Qxg5 35. Qf3 Rh6 36. Nd4 Rfh8 37. Nxf5 Rh1+ 38. Kf2 R1h2+ 39. Ke3 Re8+ 40. Kd3
Qg6 41. Re4 Rd8+ 42. Ke3 Qg5+ 43. Rf4 Kc7 44. Qe4 Rd5 45. Qe6 Rxa2 46. Qf7+ Kb8
47. Qe8+ Kb7 48. Qf7+ Ka6 49. Qe6 Kb5 50. Nd4+ Rxd4 51. Qb3+ Kxc5 52. Qc3+ Kb5
53. Qb3+ Kc5 54. Qc3+ Kd6 55. Qxd4+ Kc7 56. g4 Qe7+ 57. Re4 Qa3+ 58. Kf4 Qf8+
59. Kg5 Ra5+ 60. Kg6 Qd6+ 1/2-1/2

[Event "21st ch-EUR Indiv w 2021"]
[Site "Iasi ROU"]
[Date "2021.08.17"]
[Round "8.53"]
[White "Paraschiv, Petronela-Alexandra"]
[Black "Allahverdiyeva, Ayan"]
[Result "1/2-1/2"]
[BlackTitle "WFM"]
[WhiteElo "1979"]
[BlackElo "2095"]
[WhiteFideId "1233696"]
[BlackFideId "13412590"]
[EventDate "2021.08.09"]

1. c4 g6 2. Nc3 Bg7 3. g3 e5 4. Bg2 Nc6 5. d3 Nge7 6. e4 d6 7. Nge2 Be6 8. Rb1
O-O 9. O-O f5 10. f4 Qd7 11. Nd5 Rab8 12. Be3 Nd4 13. Nxe7+ Qxe7 14. Nxd4 exd4
15. Bd2 Qd7 16. Qc2 fxe4 17. Bxe4 d5 18. cxd5 Bxd5 19. b4 Rbe8 20. Rbe1 c6 21.
a4 Kh8 22. a5 b6 23. Kg2 Rf7 24. Bxd5 Qxd5+ 25. Re4 Rfe7 26. Re1 bxa5 27. bxa5
c5 28. Kf2 Rxe4 29. Rxe4 Rxe4 30. dxe4 Qh5 31. h4 Bf8 32. Qb3 Qg4 33. Qf7 Qc8
34. Qxa7 Kg8 35. a6 Qh3 36. Qb7 Qh2+ 37. Kf3 Qxd2 38. Qd5+ Kh8 39. Qe5+ Kg8 40.
Qe6+ Kh8 41. a7 Qd1+ 42. Kg2 Qe2+ 43. Kh3 h5 44. Qf6+ Kh7 45. a8=Q Qf1+ 1/2-1/2

[Event "21st ch-EUR Indiv w 2021"]
[Site "Iasi ROU"]
[Date "2021.08.17"]
[Round "8.54"]
[White "Zelbova, Lada"]
[Black "Matasaru, Stephanie"]
[Result "0-1"]
[WhiteElo "2070"]
[BlackElo "1741"]
[WhiteFideId "23717882"]
[BlackFideId "1242040"]
[EventDate "2021.08.09"]

1. e4 c5 2. Nf3 d6 3. d4 cxd4 4. Nxd4 Nf6 5. Nc3 a6 6. Be2 g6 7. O-O Bg7 8. Re1
O-O 9. Bf1 b5 10. Nd5 e6 11. Nxf6+ Qxf6 12. Nf3 Qe7 13. Bf4 e5 14. Bg5 Qc7 15.
a4 b4 16. Qd2 a5 17. Rad1 Be6 18. Bb5 Rc8 19. Qxd6 Qxd6 20. Rxd6 h6 21. Be7 Ra7
22. Rd8+ Rxd8 23. Bxd8 Nd7 24. h3 Ra8 25. Be7 Nb6 26. Rd1 b3 27. c3 f5 28. Rd8+
Rxd8 29. Bxd8 Nd7 30. Nd2 Nc5 31. f3 fxe4 32. fxe4 h5 33. Bg5 Kh7 34. Be3 Bh6
35. Bxc5 Bxd2 36. Ba3 Kg7 37. Kf2 Kf7 38. Ke2 Bc1 39. Kd3 Kf6 40. Ke2 h4 41. Kf3
Bf4 42. Ke2 Bc1 43. c4 Bh6 44. Kd3 g5 45. Ke2 g4 46. hxg4 Bxg4+ 47. Kf2 Be6 48.
Kf3 Bg7 49. Bc5 Bh6 50. Be3 Bxe3 51. Kxe3 Ke7 52. c5 Kd8 53. Bc6 Kc7 54. Bb5 Bg4
55. Kd2 Bh5 56. Ke3 Bg4 57. Bc4 Kc6 58. Bxb3 Kxc5 59. Bc2 Kb4 60. Kd2 Bf3 61.
Ke3 Bxg2 62. Kf2 Bh3 63. Ke3 Bd7 64. Bd1 Bxa4 65. Bg4 Be8 66. Bd1 a4 67. Kf2 Bf7
68. Bc2 Bb3 69. Bb1 Bd1 70. Ba2 Kc5 71. Ke3 h3 72. Kf2 Kd4 73. Bb1 Bg4 74. Kg3
Bd7 75. Kf3 Kc4 76. Bc2 Kd4 77. Bb1 Bb5 78. Bc2 h2 79. Kg2 Ke3 80. Kxh2 Kd2 81.
Bb1 Bc4 82. Kg3 Kc1 0-1